A global atlas of wastewater sludge and biosolids use and disposal

Saved in:
Bibliografiske detaljer
Hovedforfatter: Matthews, Peter (autor)
Format: Bog
Sprog:engelsk
Udgivet: Londres Iawq 1996
Serier:Scientific and technical report, 4
Fag:
Tags: Tilføj Tag
Ingen Tags, Vær først til at tagge denne postø!

MARC

LEADER 00000nam a2200000 a 4500
001 UCT9867
003 CL-VaPUC
008 970412e19960000UK |||||||||||||||||eng|d
082 0 4 |a 628.168  |b MAT  |2 21 
100 |a Matthews, Peter  |e autor  |9 382933 
245 1 2 |a A global atlas of wastewater sludge and biosolids use and disposal 
300 |a 197 p 
942 |c BK 
945 |d 19970412 00:00:00  |a amoreno 
260 |a Londres  |b Iawq  |c 1996 
650 0 |a Contaminación del agua  |9 261423 
650 7 |a BIOSOLIDOS  |2 CL-VaPUC  |9 382934 
650 0 |a Reciclaje  |9 382935 
650 7 |a CONTAMINACION  |2 CL-VaPUC  |9 258139 
650 7 |a MATERIAS ORGANICAS  |2 CL-VaPUC  |9 382936 
650 0 |a Zonas urbanas  |9 337776 
650 0 |a Conservación del medio ambiente  |9 340695 
583 |a last modification  |c 19970412 00:00:00  |k Rodrigo Vera 
490 0 |a Scientific and technical report, 4 
999 |c 258218  |d 258216 
952 |0 0  |1 0  |4 0  |6 628_168000000000000_MAT_1996  |7 0  |8 A  |9 282134  |a BIBING  |b BIBING  |d 2019-11-19  |i 3300072  |o 628.168 MAT 1996  |p 3300072  |r 2025-01-20  |w 2019-11-19  |y BK  |k EIB